University Home | Library Home | Institutional Repository

Reform and revolution. (Record no. 114321)

MARC details
000 -LEADER
fixed length control field 00451cam5a220018100 4500
001 - CONTROL NUMBER
control field tmp15763600
003 - CONTROL NUMBER IDENTIFIER
control field UPRA
005 - DATE AND TIME OF LATEST TRANSACTION
control field 20190820083223.0
008 - FIXED-LENGTH DATA ELEMENTS--GENERAL INFORMATION
fixed length control field 951023s1991 xx eng u
035 ## - SYSTEM CONTROL NUMBER
System control number (Sirsi) r43184
035 ## - SYSTEM CONTROL NUMBER
System control number (UPRA)tmp15763600
040 ## - CATALOGING SOURCE
Transcribing agency UPRA
100 0# - MAIN ENTRY--PERSONAL NAME
Personal name Codasria.
Linkage A988.1
245 10 - TITLE STATEMENT
Title Reform and revolution.
260 ## - PUBLICATION, DISTRIBUTION, ETC.
Date of publication, distribution, etc. 1991.
949 ## - LOCAL PROCESSING INFORMATION (OCLC)
a DT8138
w lcc
i 33729005183061
m MAIN
p 2500
t BOOK
l ON-SHELF

No items available.

© 2026 - The University of Zambia Library - Koha v25.11